Mexican States by Population Density - Statistics

General Stats
  • This quiz has been taken 36 times
  • The average score is 14 of 29
Answer Stats
Population Density State % Correct
6,000 km^2 Federal District
96%
720 km^2 State of Mexico
75%
9.6 km^2 Baja Californa Sur
67%
14 km^2 Chihuahua/Durango
67%
230 km^2 Aguascalientes
63%
16 km^2 Campeche/Sonora
58%
180 km^2 Puebla
58%
46 km^2 Baja California
50%
190 km^2 Guanajuato
50%
390 km^2 Morelos
50%
320 km^2 Tlaxcala
50%
110 km^2 Veracruz
50%
42 km^2 Nayarit/Oaxaca
46%
52 km^2 Sinaloa
46%
53 km^2 Yucatán
46%
56 km^2 Guerrero
42%
80 km^2 Nuevo León
42%
34 km^2 Quintana Roo
42%
44 km^2 San Luis Potosí
42%
21 km^2 Zacatecas
42%
71 km^2 Chiapas
38%
19 km^2 Coahuila
38%
170 km^2 Querétaro
38%
43 km^2 Tamaulipas
38%
140 km^2 Hidalgo
33%
100 km^2 Jalisco
33%
78 km^2 Michoacán
29%
97 km^2 Tabasco
29%
130 km^2 Colima
25%
No matching quizzes found
Score Distribution
Percent of People with Each Score
Percentile by Number Answered
Your Score History
You have not taken this quiz